Supervision: key link to productivity / (Record no. 9723)
[ view plain ]
| 000 -LEADER | |
|---|---|
| fixed length control field | 01211nam a22001817a 4500 |
| 005 - DATE AND TIME OF LATEST TRANSACTION | |
| control field | 20230927104633.0 |
| 008 - FIXED-LENGTH DATA ELEMENTS--GENERAL INFORMATION | |
| fixed length control field | 230616b ||||| |||| 00| 0 eng d |
| 020 ## - INTERNATIONAL STANDARD BOOK NUMBER | |
| International Standard Book Number | 9780071313698 |
| 050 ## - LIBRARY OF CONGRESS CALL NUMBER | |
| Classification number | HF5549.12.R83(10e) |
| 245 ## - TITLE STATEMENT | |
| Title | Supervision: key link to productivity / |
| Statement of responsibility, etc. | Leslie W. Rue... [et al] |
| 250 ## - EDITION STATEMENT | |
| Edition statement | 10th ed. |
| 260 ## - PUBLICATION, DISTRIBUTION, ETC. | |
| Place of publication, distribution, etc. | New York: |
| Name of publisher, distributor, etc. | McGraw-Hill Education, |
| Date of publication, distribution, etc. | 2010. |
| 300 ## - PHYSICAL DESCRIPTION | |
| Extent | xv,430p. : |
| Other physical details | ill. ; |
| Dimensions | 25cm. |
| 500 ## - GENERAL NOTE | |
| General note | includes index |
| 505 ## - FORMATTED CONTENTS NOTE | |
| Formatted contents note | Content: Supervision in the changing workplace-- Making sound and creative decisions-- Improving communication skills-- Motivating today's employees-- Managing change and innovation-- Ethics and organization politics-- Supervisory planning-- Managing your time-- Organizing and delegating-- Understanding work groups and teams-- Staffing and training skills-- Understanding equal employment opportunity-- Counseling and supporting employees-- Developing leadership skills-- Handling conflicts and stress-- Appraising and rewarding performance-- Employee and labor relations-- Supervisory control and quality-- Improving productivity-- Providing a safe and healthy work environment.<br/> |
| 700 ## - ADDED ENTRY--PERSONAL NAME | |
| Personal name | Byars, Lloyd L. |
| 9 (RLIN) | 1683 |
| 942 ## - ADDED ENTRY ELEMENTS (KOHA) | |
| Source of classification or shelving scheme | Library of Congress Classification |
| Koha item type | Books |
| Edition | 10th ed. |
| Withdrawn status | Lost status | Source of classification or shelving scheme | Damaged status | Not for loan | Collection code | Home library | Current library | Shelving location | Date acquired | Full call number | Barcode | Date last seen | Copy number | Price effective from | Koha item type |
|---|---|---|---|---|---|---|---|---|---|---|---|---|---|---|---|
| Library of Congress Classification | Non-fiction | WISCONSIN INTERNATIONAL UNIVERSITY COLLEGE, GHANA - MAIN LIBRARY | WISCONSIN INTERNATIONAL UNIVERSITY COLLEGE, GHANA - MAIN LIBRARY | General Stacks | 16/06/2023 | HF5549.12.R832(10e) | 9498/199/23 | 16/06/2023 | 3 | 16/06/2023 | Books | ||||
| Library of Congress Classification | Non-fiction | WISCONSIN INTERNATIONAL UNIVERSITY COLLEGE, GHANA - MAIN LIBRARY | WISCONSIN INTERNATIONAL UNIVERSITY COLLEGE, GHANA - MAIN LIBRARY | General Stacks | 16/06/2023 | HF5549.12.R831(10e) | 9497/198/23 | 16/06/2023 | 2 | 16/06/2023 | Books | ||||
| Library of Congress Classification | Non-fiction | WISCONSIN INTERNATIONAL UNIVERSITY COLLEGE, GHANA - MAIN LIBRARY | WISCONSIN INTERNATIONAL UNIVERSITY COLLEGE, GHANA - MAIN LIBRARY | General Stacks | 16/06/2023 | HF5549.12.R83(10e) | 9496/197/23 | 16/06/2023 | 1 | 16/06/2023 | Books |
